01119nam a2200217 a 4500020001500000020003000015082001200045100002000057245004100077250001200118260004600130300001200176490003400188520035200222700002000574856007000594942000700664999001300671952010800684952010900792 a0195674189 a9780198792888 (paperback) a546 WIN1 aWinter, Mark J.10aFoundations of inorganic chemistry / a1st ed. a[S.l.] :bOxford University Press,c2001. a96 p. ;1 aOxford chemistry primers, 94. aIntended to complement Foundations of Organic Chemistry , the best-selling Primer by Michael Hornby and Josephine Peach, this text is a broad overview of inorganic chemistry. Writing in an informal and relaxed style, Mark Winter and John Andrew cover the basics and also highlight the industrial and environmental relevance of inorganic chemistry.1 aAndrew, John E.40uhttp://www.amazon.com/exec/obidos/ASIN/0198792883/chopaconline-20 cBK c550d550 0010708NFICaICbICcGENd2015-05-12g437.50l5o546 WINp006328r2022-11-17 00:00:00s2019-01-05yBK 0010708NFICaICbICcGENd2016-04-08g437.50l1o546 WINp005093r2016-04-09 00:00:00s2016-04-08yREF